000 03705nam0a2200409 4500
001 RU\NLR\BIBL_A\012733350
005 20220527114945.0
010 _a978-5-91742-041-7
021 _aRU
_bКН-П-21-080562
_9КН-П-21-6408
035 _a(NLR Aleph) 012733350
035 _a(RuMoRGB)010885794
090 _a12979428
_c12979428
100 _a20220318d2021 u y0rusy50 ca
101 0 _arus
102 _aRU
105 _aacb z 000zy
181 0 _ai
_baxxe
182 1 _an
200 1 _aМистики и маги Мексики
_eмифы, ритуалы и духовные учения шаманов-мараакаме из мексиканского племени уичолей
_fПавел Берснев
203 _aТекст
_bвизуальный
_cнепосредственный
210 _aМосква
_cВелигор
_d2021
215 _a170 с., [6] л. цв. ил., цв. портр., цв. карта
_cил.
_d22
300 _aНа 4-й с. обл. авт.: Берснев П. В., антрополог, религиовед, этнограф, действ. чл. Рус. геогр. об-ва
320 _aБиблиогр.: с. 167-170 (51 назв.) и в подстроч. примеч.
320 _aДр. кн. авт. на 4-й с. обл.
330 _aВ книге представлены уникальные материалы, посвященные духовной жизни мексиканского народа уичолей - загадочного индейского племени, в мировоззрении которого особую роль играет триада <олень - пейот - маис> и паломничество в священную пустыню Вирикута. В работе приведены новые данные - мифы, ритуалы, шаманские практики, не известные ранее ни российской гуманитарной науке, ни широкой публике. Книга основана на полевых материалах антрополога, религиоведа и этнографа Павла Берснева, проводящего этнологические исследования в Латинской Америке на протяжении уже почти двадцати лет, и современных антропологических и этнографических трудах по духовной и материальной культуре уичолей со времен астекской империи до наших дней. Книга будет интересна как специалистам - антропологам, религиоведам, этнографам, культурологам, так и широкой публике, интересующейся традиционной духовной культурой Мезоамерики и шаманскими практиками Латинской Америки
606 1 _aШаманизм у индейцев
_2nlr_sh1
_2nlr_sh2
_3RU\NLR\AUTH\661344920
606 1 _aМагия
_xЭтнографические исследования
_yМексика
_2nlr_sh1
_2nlr_sh2
_3RU\NLR\AUTH\661259381
606 1 _aУичоли
_xЭтнографические исследования
_2nlr_sh2
_3RU\NLR\AUTH\6601705596
686 1 _aЭ240.03
686 1 _aЭ319.2(7Ме)
686 1 _aТ52(74М=ОТ)
700 1 _aБерснев
_bП.В.
_f1971 -
_gПавел Валерьевич
_3RU\NLR\AUTH\7727369
942 _cBOOK
980 _aNB